Roma nel rinascimento

Gespeichert in:
Bibliographische Detailangaben
1. Verfasser: Paschini, Pio (autore)
Format: Buch
Sprache:Italienisch
Veröffentlicht: Bolonia Licinio Cappelli 1940
Schriftenreihe:Storia di Roma, 12
Schlagworte:
Tags: Tag hinzufügen
Keine Tags, Fügen Sie den ersten Tag hinzu!

MARC

LEADER 00000nam a2200000 a 4500
001 UCP9412
003 CL-VaPUC
008 000324e19400000IT |||||||||||||||||ita|d
082 0 4 |a 945.05  |b PAS  |2 21 
100 |a Paschini, Pio  |e autore  |9 535468 
245 1 0 |a Roma nel rinascimento 
300 |a 526 p 
942 |c BK 
945 |d 20000324 00:00:00  |a rherrera 
260 |a Bolonia  |b Licinio Cappelli  |c 1940 
650 0 |a Historia de Italia  |9 362027 
650 7 |a ROMA  |2 CL-VaPUC  |9 317375 
650 0 |a Renacimiento  |9 255107 
651 0 |a Italia  |9 254949 
583 |a last modification  |c 20000324 00:00:00  |k Rodrigo Vera 
490 0 |a Storia di Roma, 12 
999 |c 286227  |d 286225 
952 |0 0  |1 0  |4 0  |6 945_050000000000000_PAS_1940  |7 0  |8 X  |9 331730  |a BIBHIS  |b BIBHIS  |d 2019-11-20  |i 1389572  |o 945.05 PAS 1940  |p 1389572  |r 2024-01-30  |w 2019-11-20  |y BK_X  |k HIS